El símbolo de la noche en San Juan de la Cruz (Record no. 96749)

MARC details
000 -LEADER
campo de control de longitud fija 00685nam a2200193 i 4500
001 - NÚMERO DE CONTROL
campo de control 96749
003 - IDENTIFICADOR DE NÚMERO DE CONTROL
campo de control ES-MaACL
007 - CAMPO FIJO DE DESCRIPCIÓN FÍSICA--INFORMACIÓN GENERAL
campo de control de longitud fija t|
008 - DATOS DE LONGITUD FIJA--INFORMACIÓN GENERAL
campo de control de longitud fija 050630s1982 sp ||||1| spa d
100 1# - ENTRADA PRINCIPAL--NOMBRE DE PERSONA
Nombre de persona Mancho Duque, María Jesús.
9 (RLIN) 75924
245 13 - MENCIÓN DEL TÍTULO
Título El símbolo de la noche en San Juan de la Cruz
Resto del título : estudio léxico-semántico /
Mención de responsabilidad, etc. María Jesús Mancho Duque.
260 ## - PUBLICACIÓN, DISTRIBUCIÓN, ETC.
Lugar de publicación, distribución, etc. Salamanca :
Nombre del editor, distribuidor, etc. Universidad de Salamanca,
Fecha de publicación, distribución, etc. 1982.
300 ## - DESCRIPCIÓN FÍSICA
Extensión 324 p. ;
Dimensiones 24 cm.
490 1# - MENCIÓN DE SERIE
Mención de serie Acta Salmanticensia. Filosofía y letras ;
Designación de volumen o secuencia 140
710 2# - ENTRADA AGREGADA--NOMBRE DE ENTIDAD CORPORATIVA
Nombre de entidad corporativa o nombre de jurisdicción como elemento de entrada Universidad de Salamanca.
9 (RLIN) 7275
830 00 - PUNTO DE ACCESO ADICIONAL DE SERIE-TÍTULO UNIFORME
Título uniforme Acta Salmanticensia
Designación de volumen o secuencia 140
9 (RLIN) 181394
852 ## - LOCALIZACIÓN
Ubicación ES-MaACL
Número de control de estantería L-4086
Sublocalización o colección R.104814
Holdings
Estatus retirado Estado de pérdida Estado de daño No para préstamo Biblioteca de origen Biblioteca actual Ubicación en estantería Fecha de adquisición Fuente de adquisición Total de préstamos Signatura topográfica completa Código de barras Visto por última vez Precio de reemplazo Tipo de ítem Koha
        Biblioteca del Ateneo de Madrid Biblioteca del Ateneo de Madrid Depósito 2 17/01/2008     L-4086 1101004 23/02/2023 23/02/2023 Libro impreso